ا ر د و صحا فت ميں ا ظہا ر و ا بلا غ کے مختلف پير ا ۓ کا تنقيد ی جا يز ہ (Record no. 175181)

MARC details
000 -LEADER
fixed length control field 00785nam a22001937a 4500
005 - DATE AND TIME OF LATEST TRANSACTION
control field 20200814155741.0
010 ## - LCCN (DPL NO)
LC control number B-208941
020 ## - INTERNATIONAL STANDARD BOOK NUMBER
Terms of availability 150.00
International Standard Book Number -
035 ## - SYSTEM CONTROL NUMBER
System control number B-208941
037 ## - SOURCE OF ACQUISITION
Source of stock number/acquisition BPPD/PUB
Stock number -
082 ## - DEWEY DECIMAL CLASSIFICATION NUMBER
Classification number 070.4
100 ## - MAIN ENTRY--PERSONAL NAME
Personal name صا لحہ عبد اللہ
245 ## - TITLE STATEMENT
Title ا ر د و صحا فت ميں ا ظہا ر و ا بلا غ کے مختلف پير ا ۓ کا تنقيد ی جا يز ہ
Statement of responsibility, etc صا لحہ عبد اللہ
246 ## - VARYING FORM OF TITLE
Remainder of title Urdu Sahafat mein Izhar-o-Iblagh ke Mukhtalif Perai Ka Tanqidi Jaiza (Urdu)
Title proper/short title by Saleha Abdullah
260 ## - PUBLICATION, DISTRIBUTION, ETC. (IMPRINT)
Place of publication, distribution, etc Delhi
Name of publisher, distributor, etc Educational publishing House
Date of publication, distribution, etc 2006 ء
270 ## - ADDRESS
Address 3108,Vakil Street,kucha Pandit,Lal kuan,
City Delhi
Postal code 110006
Telephone number 23216162
Fax number -
300 ## - PHYSICAL DESCRIPTION
Extent 176 ص
Dimensions 22 Cm(Hb)
942 ## - ADDED ENTRY ELEMENTS (KOHA)
Source of classification or shelving scheme Dewey Decimal Classification
Item type Urdu Bks
Classification part 070.4
Call number suffix ص ا ل
Holdings
Withdrawn status Lost status Not for loan Collection code Home library Current library Date acquired Source of acquisition Cost, normal purchase price Full call number Barcode Copy number Cost, replacement price Koha item type
      Non-fiction Central Library Central Library 14/08/2020 BPPD/Ven. 150.00 070.4 ص ا ل B-208941 1 150.00 Urdu Bks

© Delhi Public Library
Hit Counter
free hit counter